Sistema de representación gráfica, diédrica, axométrica, perspectiva / (Record no. 32534)

MARC details
000 -LEADER
campo de control de longitud fija 00624nam a2200181 i 4500
001 - NÚMERO DE CONTROL
campo de control 32534
003 - IDENTIFICADOR DE NÚMERO DE CONTROL
campo de control ES-MaACL
005 - FECHA Y HORA DE LA ÚLTIMA TRANSACCIÓN
campo de control 20230906154605.0
007 - CAMPO FIJO DE DESCRIPCIÓN FÍSICA--INFORMACIÓN GENERAL
campo de control de longitud fija t|
008 - DATOS DE LONGITUD FIJA--INFORMACIÓN GENERAL
campo de control de longitud fija 030131s1969 sp ||||1| spa d
100 1# - ENTRADA PRINCIPAL--NOMBRE DE PERSONA
Nombre de persona Berns, Harald.
9 (RLIN) 28352
245 10 - MENCIÓN DEL TÍTULO
Título Sistema de representación gráfica, diédrica, axométrica, perspectiva /
Mención de responsabilidad, etc. por Harald Berns ; traducido por T. Nieto Aguilera ; revisado por J. A. Ibarreche.
260 ## - PUBLICACIÓN, DISTRIBUCIÓN, ETC.
Lugar de publicación, distribución, etc. Bilbao :
Nombre del editor, distribuidor, etc. Urmo,
Fecha de publicación, distribución, etc. [1969]
300 ## - DESCRIPCIÓN FÍSICA
Extensión 211 p., 2 lám. :
Otras características físicas il. ;
Dimensiones 22 cm.
700 1# - ENTRADA AGREGADA--NOMBRE PERSONAL
Nombre de persona Nieto Aguilera, T.
9 (RLIN) 85669
700 1# - ENTRADA AGREGADA--NOMBRE PERSONAL
Nombre de persona Ibarreche, J. A.
9 (RLIN) 64970
852 ## - LOCALIZACIÓN
Ubicación ES-MaACL
Número de control de estantería C-38507
Sublocalización o colección R.72696
Holdings
Estatus retirado Estado de pérdida Estado de daño No para préstamo Biblioteca de origen Biblioteca actual Ubicación en estantería Fecha de adquisición Fuente de adquisición Total de préstamos Signatura topográfica completa Código de barras Visto por última vez Precio de reemplazo Tipo de ítem Koha
        Biblioteca del Ateneo de Madrid Biblioteca del Ateneo de Madrid Depósito 2 17/01/2008     C-38507 1033715 23/02/2023 23/02/2023 Libro impreso